Countries Without Vowels - Statistics

General Stats
  • This quiz has been taken 16 times
  • The average score is 11 of 16
Answer Stats
Country Without Vowels Country % Correct
Chn China
100%
Czch Rpblc Czech Republic
100%
Jpn Japan
100%
Sth Kr South Korea
100%
Cnd Canada
93%
Grmn Germany
93%
Ncrg Nicaragua
93%
Grc Greece
86%
Thlnd Thailand
86%
Zmb Zambia
71%
Sth Frc South Africa
64%
Rgntn Argentina
50%
Thp Ethiopia
29%
Srl Israel
21%
Nd India
14%
Tl Italy
14%
No matching quizzes found
Score Distribution
Percent of People with Each Score
Percentile by Number Answered
Your Score History
You have not taken this quiz